Statistics for Panic! at the disco-guess the song

Click here to take the quiz!

General Stats

  • This quiz has been taken 478 times
  • The average score is 10 of 15

Answer Stats

HintAnswer% Correct
Well this calls for a toast so, pour the champagneI Write Sins Not Tragedies
93%
People have told me, I don't look the same, maybe I lost weight I'm playing hookyDeath of a Bachelor
86%
She said you're just like Mike Love but you wanna be Brian Wilson, Brian Wilson she said you're just like Mike Love but you'll never be Brian WilsonCrazy=Genius
83%
My touch is black and poisonous, and nothing like my punch-drunk kiss I know you need it, do you feel it, drink the water, drink the wineVictorious
83%
Let's get these teen hearts beating. Faster, faster So testosterone boys and harlequin girls, Will you dance to this beat, and hold a lover close?Lying Is The Most Fun A Girl Can Have Without Taking Her Clothes Off
77%
Confessing their apostasies led away by imperfect impostorsThis is gospel
76%
Pickin’ up things we shouldn’t read It looks like the end of history as we know It’s just the end of the worldNine In The Afternoon
70%
It's better to burn than to fade away It's better to leave than to be replaced I'm losing to you, baby, I'm no matchNicotine
68%
Now I'm of consenting age to be forgetting you in a cabaret. Somewhere downtown where a burlesque queen may even ask my nameBut It's Better If You Do
62%
May your feet serve you well and the rest be sent to hell where they always have belonged cold hearts brew colder songsLet's Kill Tonight
61%
I missed your skin when you were east you clicked your heels and wished for meNorthern Downpour
56%
You'll dance to anything! You'll dance to anything!Hurricane
54%
I want to go where everyone goes, I want to know what everyone knows, I want to go where everyone feels the same.That Green Gentleman (Things Have Changed)
52%
You're such a pretty thing to be running from anyone a vision with nowhere to goReady To Go (Get Me Out Of My Mind)
47%
Well I never really thought that you'd come tonight while the crown hangs heavy on either sideFar too young to die
43%

Score Distribution

Percentile by Number Answered

Percent of People with Each Score

Your Score History

You have not taken this quiz